=LDR 00000nam 2200000 4500 =001 NUTBA000000000003386 =005 20140818092449.0 =006 =007 =008 =020 ##$$a 979-28-0535-2 =035 ##$$a 0010-081400000000231 =040 ##$$a NBPDMAT =082 ##$$a 372.7 =090 ##$$a 372.7 $b Nur m =100 ##$$a Nurul Azizah =245 ##$$a Mengukur bangun ruang / $c Nurul Azizah; editor, Faridha Aryani =260 ##$$a Klaten : $b Intan Pariwara, $c 2008 =300 ##$$a iv, 52 hlm. : $b ilus. ; $c 24 cm. =500 ##$$a Bibliografi : hlm. 52 =650 ##$$a Matematika SD - Tabung =700 ##$$a Faridha Ariyani =850 ##$$a NBPDMAT =990 ##$$a 21404777